African fractals : modern computing and indigenous design

Αποθηκεύτηκε σε:
Λεπτομέρειες βιβλιογραφικής εγγραφής
Κύριος συγγραφέας: Eglash, Ron
Μορφή: Βιβλίο
Γλώσσα:English
Δημοσίευση: New Brunswick : Rutgers University Press, 1999
Θέματα:
Ετικέτες: Προσθήκη ετικέτας
Δεν υπάρχουν, Καταχωρήστε ετικέτα πρώτοι!

MARC

LEADER 00000nam a2200000 i 4500
001 1/76336
008 050517s1999 eng d
020 |a 0-8135-2614-0 
035 |l 10077954 
040 |a GR-MY-UA  |b gre  |e aacr 
041 0 |a eng 
082 0 |a 514.742096  |2 (21) 
100 1 |a Eglash, Ron. 
245 1 0 |a African fractals :  |b modern computing and indigenous design /  |c Ron Englash 
260 |a New Brunswick :   |b Rutgers University Press,   |c 1999 
300 |a xi, 258 σ.;  |b εικ.;  |c 26 εκ. 
504 |a Περιέχειβιβλιογραφικές παραπομπές και ευρετήριο 
650 0 0 |a Ethnomathematics  |z Africa. 
650 0 0 |a Fractals. 
650 0 0 |a Mathematics  |x Social aspects. 
852 |a INST  |b LESVOS  |e 20050517  |h 514.742096 EGL  |p 005100029758  |q 005100029758  |t BK  |y 0 
901 |a BIBL1-2005-2 
909 |a Λ  |b 114996 
920 |a ΔΙΕΥΡΥΝΣΗ  |b ΕΠΕΑΕΚ-ΠΤΕ  |y ΛΕΣΒΟΣ  |z 2004-10 
970 |a ΜΑΡΙΝΑΤΟΥ  |b ΜΥΡΣΙΝΗ  |z 2005/05/17